000
00331nam a2200133Ia 4500
008
240624s9999 xx 000 0 und d
041
_a
eng
082
_a
330 GOI
100
_a
OXFORD
245
_a
ECONOMIC SURVEY 2009 10
260
_c
2010
_a
New Delhi
_b
Oxford University press
300
_a
294 : p. : cm. ; 27
365
_c
RS
_b
30
999
_c
14990
_d
14990